Guess the Football Club Logo - South America/CONMEBOL #3 - Statistics

General Stats
  • This quiz has been taken 23 times
  • The average score is 9 of 12
Answer Stats
Picture Hint Answer % Correct
Brazil Botafogo
100%
Brazil Atletico Mineiro
86%
Argentina C.A. San Lorenzo de Almagro
86%
Brazil Gremio FBPA
82%
Brazil S.C. Internacional
82%
Argentina C.A. Rosario Central
77%
Brazil Cruzeiro
77%
Colombia Independiente Santa Fe
68%
Venezuela Caracas FC
64%
Bolivia The Strongest
59%
Argentina C.A. Barracas Central
45%
Venezuela Deportivo Tachira
45%
No matching quizzes found
Score Distribution
Percent of People with Each Score
Percentile by Number Answered
Your Score History
You have not taken this quiz